[Event "lets play chess"]
[Site "SchemingMind.com"]
[Date "2007.03.15"]
[Round "-"]
[White "joab"]
[Black "cinnamon"]
[Result "1-0"]
[WhiteCountry "CAN"]
[BlackCountry "USA"]
[WhiteElo "1357"]
[WhiteRD "50"]
[BlackElo "995"]
[BlackRD "50"]
[GameID "96472"]

1. e4 c6 2. d4 d5 3. Nc3 dxe4 4. Nxe4 Bf5 5. f3 Nf6 6. Nxf6+ exf6 7. Bd3 g6 8. Bxf5 gxf5 9. Bf4 Bg7 10. Ne2 O-O
11. O-O Qd5 12. Nc3 Qe6 13. Re1 Qc4 14. Qd2 Nd7 15. Re3
1-0

[Event "lets play chess"]
[Site "SchemingMind.com"]
[Date "2007.03.15"]
[Round "-"]
[White "cinnamon"]
[Black "joab"]
[Result "0-1"]
[WhiteCountry "USA"]
[BlackCountry "CAN"]
[WhiteElo "995"]
[WhiteRD "50"]
[BlackElo "1357"]
[BlackRD "50"]
[GameID "96477"]

1. e4 d5 2. exd5 Qxd5 3. Nc3 Qa5 4. d4 Nf6 5. Nf3 Bf5 6. Be2 e6 7. O-O Bd6 8. Be3 O-O 9. Qd2 c6 10. Bc4 Nbd7
11. b3 Bb4 12. Ne5 Bxc3 13. Qd1 Nxe5 14. dxe5 Bxe5 15. Rc1 Qc7 16. Re1 Rad8 17. Bd2 Bg4
0-1

[Event "lets play chess"]
[Site "SchemingMind.com"]
[Date "2007.03.17"]
[Round "-"]
[White "MrC"]
[Black "Sjakkie"]
[Result "0-1"]
[WhiteCountry "ENG"]
[BlackCountry "NED"]
[WhiteElo "1057"]
[WhiteRD "93"]
[BlackElo "1331"]
[BlackRD "73"]
[GameID "96834"]

1. e4 e5 2. Nf3 d6 3. Bd3 h6 4. O-O Nc6 5. c4 b6 6. b4 Nxb4 7. Qe2 Bb7 8. Nc3 a6 9. Ba3 Nc6 10. Rab1 Nf6
11. Bc2 Be7 12. Qd1 O-O 13. Qe2 Na5 14. Rb4 Nc6 15. Rb2 Na5 16. d4 b5 17. cxb5 Ng4 18. h3 Nf6 19. dxe5 dxe5 20. bxa6 Bxa6
21. Qe1 Nc4 22. Rb3 Na5 23. Nb1 Nxb3 24. Bxb3 Bxf1 25. Kxf1 Bxa3 26. Nxa3 Rxa3 27. Bc2 Rxa2 28. Bb3 Rb2 29. Bc4 Qd6 30. Qc1 Rb4
31. Ba2 Nxe4 32. Nh4 Qf6 33. Qc3 Qxf2#
0-1

[Event "lets play chess"]
[Site "SchemingMind.com"]
[Date "2007.03.17"]
[Round "-"]
[White "Sjakkie"]
[Black "MrC"]
[Result "1-0"]
[WhiteCountry "NED"]
[BlackCountry "ENG"]
[WhiteElo "1331"]
[WhiteRD "73"]
[BlackElo "1057"]
[BlackRD "93"]
[GameID "96841"]

1. e4 Nf6 2. Nc3 e5 3. Bc4 Bc5 4. d3 O-O 5. Nf3 a6 6. Nxe5 Qe7 7. Nf3 c6 8. h3 b5 9. Bb3 a5 10. a3 a4
11. Ba2 Na6 12. O-O d5 13. Re1 dxe4 14. Nxe4 Nd5 15. Nxc5 Qxc5 16. Bd2 Qb6 17. Ng5 Nf6 18. Be3 Qa5 19. c3 Bf5 20. Bd4 Nd5
21. Bxd5 cxd5 22. Qh5 Ra7 23. Re5 Bxd3 24. Rxd5 Re7 25. Rd1 Bc4 26. Qxh7#
1-0

[Event "lets play chess"]
[Site "SchemingMind.com"]
[Date "2007.03.18"]
[Round "-"]
[White "Cynick"]
[Black "ptcmark"]
[Result "0-1"]
[WhiteCountry "USA"]
[BlackCountry "USA"]
[WhiteElo "1379"]
[WhiteRD "84"]
[BlackElo "1653"]
[BlackRD "112"]
[GameID "96948"]

1. e4 c5 2. d4 cxd4 3. Qxd4 Nc6 4. Qa4 Nf6 5. Nf3 d5 6. exd5 Nxd5 7. Nd4 Qa5+ 8. Nc3 Qxa4 9. Nxa4 Nxd4 10. Bd3 e5
11. O-O Bd7 12. Nc5 Bxc5 13. a4 O-O 14. c3 Nb3 15. Bg5 Nxa1 16. Rxa1 a6 17. Re1 f6 18. Bd2 Bxa4 19. Re4 b5 20. c4 Nf4
21. Bf1 Bc2 22. Rxf4 exf4 23. Bxf4 Rfe8 24. Bd2 Rad8 25. b4 Bxf2+ 26. Kxf2 Rxd2+ 27. Kg3 Rd1 28. Kf2 Bd3 29. Bxd3 Rxd3 30. cxb5 axb5
31. g3 Rd2+ 32. Kf3 Rxh2 33. Kf4 g5+
0-1

[Event "lets play chess"]
[Site "SchemingMind.com"]
[Date "2007.03.18"]
[Round "-"]
[White "ptcmark"]
[Black "Cynick"]
[Result "1-0"]
[WhiteCountry "USA"]
[BlackCountry "USA"]
[WhiteElo "1653"]
[WhiteRD "112"]
[BlackElo "1379"]
[BlackRD "84"]
[GameID "96953"]

1. d4 d5 2. c4 dxc4 3. e4 b5 4. a4 c6 5. axb5 cxb5 6. b3 Be6 7. Nc3 f5 8. g3 Nf6 9. Bg2 fxe4 10. Nxe4 Bd5
11. Nxf6+ gxf6 12. Qh5+ Bf7 13. Qxb5+ Nd7 14. Bf3 h5 15. Bxa8 Qxa8 16. f3 Bd5 17. Kf2 e6 18. Bf4 Bd6 19. Bxd6 Kd8 20. bxc4 Bc6
21. Qa5+ Nb6 22. c5 Qb7 23. Rb1 Kd7 24. Ne2 Bxf3 25. Rhe1 Ra8 26. Nf4 Bg4 27. Qb5+ Kc8 28. Qe8#
1-0

[Event "lets play chess"]
[Site "SchemingMind.com"]
[Date "2007.03.19"]
[Round "-"]
[White "rao"]
[Black "rodk"]
[Result "0-1"]
[WhiteCountry "INT"]
[BlackCountry "USA"]
[WhiteElo "1477"]
[WhiteRD "86"]
[BlackElo "1625"]
[BlackRD "105"]
[GameID "97082"]

1. e4 c5 2. Bc4 e6 3. d4 cxd4 4. Qxd4 Nc6 5. Qd3 Bc5 6. Nf3 Nf6 7. c3 Ng4 8. Be3 Nxe3 9. fxe3 O-O 10. e5 d5
11. Bb3 Qc7 12. Ng5 g6 13. Nf3 Nxe5 14. Qe2 Nxf3+ 15. gxf3 b6 16. Nd2 Bb7 17. f4 d4 18. Rf1 dxe3 19. Nc4 Ba6 20. a4 Rad8
21. Qf3 Bxc4 22. Bxc4 Rd2 23. b4 Bxb4 24. Qxe3 Rxh2 25. cxb4 Qxc4 26. Rb1 Rd8 27. Rc1 Qxb4+ 28. Rc3 Qb2 29. Rf2 Rxf2 30. Qxf2 Qxc3+
31. Kf1 Rd1+
0-1

[Event "lets play chess"]
[Site "SchemingMind.com"]
[Date "2007.03.19"]
[Round "-"]
[White "Glenn119"]
[Black "griffimv"]
[Result "0-1"]
[WhiteCountry "USA"]
[BlackCountry "INT"]
[WhiteElo "1689"]
[WhiteRD "60"]
[BlackElo "2370"]
[BlackRD "80"]
[GameID "97083"]

1. d4 Nf6 2. c4 c5 3. d5 b5 4. cxb5 a6 5. f3 g6 6. e4 Bg7 7. e5 Ng8 8. f4 d6 9. bxa6 Nh6 10. Nc3 O-O
11. Nf3 Nxa6 12. Bc4 Bg4 13. O-O Nf5 14. Qd2 Bxf3 15. Rxf3 dxe5 16. fxe5 Bxe5 17. Rh3 Bg7 18. Qe2 Bd4+ 19. Kh1 Nc7 20. Bg5 Qd7
21. Rd1 Rfb8 22. Rf3 Rb6 23. b3 Bxc3 24. Rxc3 Nb5 25. Rcc1 Nbd4
0-1

[Event "lets play chess"]
[Site "SchemingMind.com"]
[Date "2007.03.24"]
[Round "-"]
[White "rodk"]
[Black "rao"]
[Result "1-0"]
[WhiteCountry "USA"]
[BlackCountry "INT"]
[WhiteElo "1667"]
[WhiteRD "103"]
[BlackElo "1455"]
[BlackRD "85"]
[GameID "97085"]

1. d4 d5 2. c4 e6 3. Nc3 Bb4 4. Nf3 Nc6 5. a3 Ba5 6. b4 Bxb4 7. axb4 Nxb4 8. Qa4+ Nc6 9. Ne5 Bd7 10. Nxd7 Qxd7
11. c5 a6 12. Bf4 Nf6 13. g3 O-O 14. Bg2 b5 15. cxb6 cxb6 16. O-O b5 17. Nxb5 axb5 18. Qd1 Rae8 19. Bc1 Ne4 20. e3 Ne7
21. Ba3 Nc3 22. Qd3 Na4 23. Rfb1 Rb8 24. Bf1 Nb6 25. Qxb5 Qxb5 26. Bxb5 Nbc8 27. Bc5 Rd8 28. Ba6 Rxb1+ 29. Rxb1 Nc6 30. f4 N8e7
31. Rb7 Nf5 32. Kf2 Na5 33. Rb4 g6 34. h3 Ra8 35. Bf1 Nc6 36. Rb1 Ra2+ 37. Kf3 Na5 38. Rb8+ Kg7 39. Ra8 Ra1 40. Kf2 Nb3
41. Rxa1 Nxa1 42. g4 Nh6 43. Bd3 Ng8 44. g5 h6 45. h4 hxg5 46. hxg5 Nb3 47. Bb4 Nc1 48. Bb1 f6 49. Ke1 Nb3 50. Kd1 fxg5
51. fxg5 Kf7 52. Kc2 Nxd4+ 53. exd4 Ne7 54. Bxe7 Kxe7 55. Kd2 Kf7 56. Ke3 Kg7 57. Kf4 Kf7 58. Ke5 Ke7 59. Bxg6 Kd7 60. Kf6 Kd6
61. Bd3
1-0

[Event "lets play chess"]
[Site "SchemingMind.com"]
[Date "2007.03.19"]
[Round "-"]
[White "griffimv"]
[Black "Glenn119"]
[Result "1-0"]
[WhiteCountry "INT"]
[BlackCountry "USA"]
[WhiteElo "2370"]
[WhiteRD "80"]
[BlackElo "1689"]
[BlackRD "60"]
[GameID "97086"]

1. e4 e6 2. d4 d5 3. Nc3 dxe4 4. Nxe4 Bd7 5. Nf3 Bc6 6. Bd3 Nd7 7. O-O Ngf6 8. Ng3 Be7 9. b3 O-O 10. Bb2 Bxf3
11. Qxf3 c6 12. Rfe1 Bd6 13. c4 Qc7 14. Rad1 Rfd8 15. Nh5 Bxh2+ 16. Kh1 Bd6 17. Nxf6+ Nxf6 18. d5 Qe7 19. dxe6 fxe6 20. Qh3 e5
21. c5 Bc7 22. Bxe5 Bxe5 23. f4 g6 24. Rxe5
1-0

[Event "lets play chess"]
[Site "SchemingMind.com"]
[Date "2007.03.20"]
[Round "-"]
[White "toguints"]
[Black "carosoko"]
[Result "0-1"]
[WhiteCountry "PHI"]
[BlackCountry "BEL"]
[WhiteElo "1268"]
[WhiteRD "57"]
[BlackElo "1710"]
[BlackRD "92"]
[GameID "97217"]

1. d4 e6 2. e4 d5 3. e5 c5 4. c3 Nc6 5. Bb5 Qb6 6. a4 Bd7 7. Be3 c4 8. Nh3 Nge7 9. Qf3 h6 10. Nd2 Nf5
11. g3 Be7 12. Qh5 g6 13. Qf3 Nxe3 14. Qxe3 O-O-O
0-1

[Event "lets play chess"]
[Site "SchemingMind.com"]
[Date "2007.03.20"]
[Round "-"]
[White "David Hartley"]
[Black "palaciorep"]
[Result "1-0"]
[WhiteCountry "ENG"]
[BlackCountry "ARG"]
[WhiteElo "1835"]
[WhiteRD "105"]
[BlackElo "1631"]
[BlackRD "70"]
[GameID "97218"]

1. e4 e5 2. Nf3 Nc6 3. Bc4 h6 4. d3 Nf6 5. Nc3 Bb4 6. Bd2 O-O 7. O-O d6 8. h3 Bxc3 9. Bxc3 Be6 10. Bxe6 fxe6
11. Re1 Ne7 12. Qe2 c5 13. Rad1 b5 14. b4 Qc7 15. Rc1 c4 16. Qd2 Rad8 17. Qe2 Ng6 18. Bd2 d5 19. dxc4 dxc4 20. Bc3 Nd7
21. g3 Nb6 22. Rb1 Na4 23. Ba1 a6 24. Red1 Rxd1+ 25. Rxd1 c3 26. Rb1 Qf7 27. Kg2 h5 28. h4 Qc7 29. Rb3 Nh8 30. Ng5 Rf6
31. Qxh5 Rh6 32. Qe8#
1-0

[Event "lets play chess"]
[Site "SchemingMind.com"]
[Date "2007.03.20"]
[Round "-"]
[White "palaciorep"]
[Black "David Hartley"]
[Result "0-1"]
[WhiteCountry "ARG"]
[BlackCountry "ENG"]
[WhiteElo "1631"]
[WhiteRD "70"]
[BlackElo "1835"]
[BlackRD "105"]
[GameID "97229"]

1. e4 e6 2. Nf3 d5 3. exd5 exd5 4. Qe2+ Qe7 5. Qxe7+ Bxe7 6. d4 Nc6 7. Bb5 Bd7 8. Bxc6 Bxc6 9. O-O Nf6 10. Ne5 O-O
11. Nxc6 bxc6 12. Re1 Bd6 13. a3 c5 14. c3 cxd4 15. cxd4 Rfe8 16. Rxe8+ Rxe8 17. Kf1 Ng4 18. g3 Nxh2+ 19. Kg2 Ng4 20. Nc3 c6
21. Bd2 c5 22. Nxd5 cxd4 23. Re1= Rxe1 24. Bxe1 f5 25. Bd2 Kf7 26. Bf4 Ke6 27. Bxd6= Kxd5 28. Bf4 Kc4 29. Bb8 d3 30. f3 d2
0-1

[Event "lets play chess"]
[Site "SchemingMind.com"]
[Date "2007.03.21"]
[Round "-"]
[White "Jordan Petrov"]
[Black "embuchador"]
[Result "0-1"]
[WhiteCountry "BUL"]
[BlackCountry "INT"]
[WhiteElo "1619"]
[WhiteRD "108"]
[BlackElo "1762"]
[BlackRD "104"]
[GameID "97408"]

1. e4 Nf6 2. e5 Nd5 3. c4 Nb6 4. Nc3 d6 5. exd6 cxd6 6. d4 Bf5 7. Bg5 Nc6 8. h3 f6 9. Bf4 e5 10. dxe5 dxe5
11. Qxd8+ Rxd8 12. Be3 Bb4 13. Bd2 Nd4 14. O-O-O Rc8 15. b3 Ba3#
0-1

[Event "lets play chess"]
[Site "SchemingMind.com"]
[Date "2007.03.21"]
[Round "-"]
[White "embuchador"]
[Black "Jordan Petrov"]
[Result "1-0"]
[WhiteCountry "INT"]
[BlackCountry "BUL"]
[WhiteElo "1762"]
[WhiteRD "104"]
[BlackElo "1619"]
[BlackRD "108"]
[GameID "97413"]

1. e4 e5 2. Nf3 Nc6 3. Bb5 a6 4. Bxc6 dxc6 5. O-O Bd6 6. d4 Bg4 7. h3 Bxf3 8. Qxf3 exd4 9. Re1 Qe7 10. Bf4 O-O-O
11. Bxd6 Rxd6 12. Qg4+ f5 13. Qxf5+ Kb8 14. Nd2 Nh6 15. Qc5 Qh4 16. Nf3 Qf4 17. Nxd4 Rf8 18. Nf3 Rdd8 19. Re2 Nf7 20. Rae1 Nd6
21. e5 Nf5 22. e6 Rfe8 23. Ne5 Nh4 24. Re4 Qf6 25. Nd7+ Rxd7 26. exd7
1-0

[Event "lets play chess"]
[Site "SchemingMind.com"]
[Date "2007.03.23"]
[Round "-"]
[White "dadshane2000"]
[Black "bioniclime"]
[Result "1/2-1/2"]
[WhiteCountry "USA"]
[BlackCountry "USA"]
[WhiteElo "1842"]
[WhiteRD "71"]
[BlackElo "1644"]
[BlackRD "99"]
[GameID "97749"]

1. e4 g6 2. d4 Bg7 3. c4 c5 4. Nf3 Qb6 5. dxc5 Qxc5 6. Bd3 d6 7. h3 Be6 8. Nbd2 Nd7 9. O-O Ngf6 10. Nb3 Qc7
11. Be3 O-O 12. Rc1 b6 13. Nfd4 Ne5 14. Nxe6 fxe6 15. Nd4 Qd7 16. f4 Nxd3 17. Qxd3 e5 18. Nb5 exf4 19. Rxf4 Nh5 20. Rxf8+ Rxf8
21. Nd4 Nf4 22. Bxf4 Rxf4 23. b3 Bxd4+ 24. Qxd4 Qe6 25. Re1 Qf6 26. Qd5+ Kg7 27. e5 Qh4 28. Re2 Rd4 29. Qf3 dxe5 30. Rxe5 Qf6
31. Qxf6+ Kxf6 32. Re2 e5 33. Kf2 Kf5 34. g3 e4 35. Re3 Rd2+ 36. Re2 Rd3 37. Re3 Rd2+=
1/2-1/2

[Event "lets play chess"]
[Site "SchemingMind.com"]
[Date "2007.03.27"]
[Round "-"]
[White "ansts"]
[Black "capablanca"]
[Result "1-0"]
[WhiteCountry "PHI"]
[BlackCountry "GER"]
[WhiteElo "1777"]
[WhiteRD "101"]
[BlackElo "1659"]
[BlackRD "58"]
[GameID "97750"]

1. e4 e5 2. Nf3 d6 3. Nc3 Nd7 4. d4 Ngf6 5. Bg5 Be7 6. d5 c6 7. Bc4 cxd5 8. Bxf6 dxc4 9. Qd2 Nxf6 10. O-O-O Bg4
11. Rhe1 O-O 12. Qg5 Bxf3 13. gxf3 Nxe4 14. Qe3 Bg5 15. fxe4 Bxe3+ 16. Rxe3 Qg5 17. Kb1 Qg2 18. Rg3 Qxf2 19. Rdg1 g6 20. h4 h5
21. Nd5 b5 22. Rg5 Qxh4 23. Nf6+ Kh8 24. a3 Rfc8 25. Nd5 Qxe4 26. Nf6 Qh4 27. Nd5 Rc5 28. Ne7 e4 29. Rxg6 Qxe7 30. Rh6#
1-0

[Event "lets play chess"]
[Site "SchemingMind.com"]
[Date "2007.03.23"]
[Round "-"]
[White "bioniclime"]
[Black "dadshane2000"]
[Result "0-1"]
[WhiteCountry "USA"]
[BlackCountry "USA"]
[WhiteElo "1644"]
[WhiteRD "99"]
[BlackElo "1842"]
[BlackRD "71"]
[GameID "97757"]

1. c4 Nf6 2. g3 c6 3. Bg2 e5 4. d4 e4 5. Nc3 Bb4 6. Bg5 d5 7. cxd5 cxd5 8. Nh3 Bxc3+ 9. bxc3 Nbd7 10. O-O h6
11. Bxf6 Qxf6 12. Qb3 Qd6 13. c4 dxc4 14. Qxc4 Nb6 15. Qc2 Bf5 16. Rfd1 Nd5 17. Nf4 O-O 18. Bxe4 Bxe4 19. Qxe4 Nc3 20. Qxb7 Nxd1
21. Rxd1 Qa3 22. Qb3 Qxb3 23. axb3 Rfb8 24. Rd3 Rb5 25. d5 Rab8 26. d6 Rxb3 27. d7 Rxd3 28. Nxd3 Rd8 29. Nc5 a5 30. Kg2 a4
31. Nxa4 Rxd7 32. Nc3 f5 33. Kf3 g5 34. g4 f4 35. h4 gxh4 36. Kxf4 Rf7+ 37. Ke3 h3 38. Ne4 Re7 39. Kf3 Rxe4
0-1

[Event "lets play chess"]
[Site "SchemingMind.com"]
[Date "2007.03.27"]
[Round "-"]
[White "capablanca"]
[Black "ansts"]
[Result "0-1"]
[WhiteCountry "GER"]
[BlackCountry "PHI"]
[WhiteElo "1659"]
[WhiteRD "58"]
[BlackElo "1777"]
[BlackRD "101"]
[GameID "97758"]

1. e4 c5 2. Nf3 d6 3. d3 h6 4. g3 Nf6 5. Bg2 Bg4 6. O-O Nc6 7. Be3 e6 8. Nbd2 Be7 9. c3 Ne5 10. Qc2 O-O
11. Nxe5 dxe5 12. Nc4 b5 13. Nd2 Qd7 14. Nb3 a5 15. Bxc5 a4 16. Bxe7 axb3 17. Qxb3 Qxe7 18. Qxb5 Qc7 19. a4 Rfb8 20. Qc4 Qxc4
21. dxc4 Rxb2 22. a5 Be2 23. Rfc1 Bxc4 24. Bf3 Ra7 25. Ra3 Rb5 26. Rca1 Bd3
0-1

[Event "lets play chess"]
[Site "SchemingMind.com"]
[Date "2007.03.24"]
[Round "-"]
[White "Glenn O'Brien"]
[Black "Rosmerta"]
[Result "1-0"]
[WhiteCountry "AUS"]
[BlackCountry "GBR"]
[WhiteElo "1094"]
[WhiteRD "100"]
[BlackElo "830"]
[BlackRD "238"]
[GameID "97977"]

1. e4 e6 2. d4 d5 3. Nc3 Nf6 4. Bg5 Be7 5. e5 Nfd7 6. Bxe7 Qxe7 7. f4 O-O 8. Nf3 c5 9. Qd2 Nc6 10. Nb5 a6
11. Nd6 cxd4 12. O-O-O f6 13. Qe1 fxe5 14. fxe5 Ndxe5 15. Nxc8 Raxc8 16. Nxe5 Qg5+ 17. Kb1 Nxe5 18. Rxd4 Ng4 19. Qxe6+ Kh8 20. Qxg4 Qe5
21. Bd3 g6 22. Qh4 Rc6 23. Re1
1-0

[Event "lets play chess"]
[Site "SchemingMind.com"]
[Date "2007.03.25"]
[Round "-"]
[White "Rosmerta"]
[Black "Glenn O'Brien"]
[Result "0-1"]
[WhiteCountry "GBR"]
[BlackCountry "AUS"]
[WhiteElo "830"]
[WhiteRD "238"]
[BlackElo "1094"]
[BlackRD "100"]
[GameID "97988"]

1. e4 e5 2. Nf3 Nc6 3. Bb5 a6 4. Ba4 Nf6 5. O-O Be7 6. d3 d6 7. c3 O-O 8. Re1 Bg4 9. Nbd2 b5 10. Bb3 Nh5
11. Bd5 Qd7 12. Bxc6 Qxc6 13. Nxe5 dxe5 14. Qxg4 Nf4 15. Nf1 Nxd3 16. Re3 Rad8 17. Rg3 g6 18. Rh3 Bc5 19. Be3 Bxe3 20. Nxe3 Nf4
21. Rh4 Qxe4 22. Re1 Rd2 23. g3 f5 24. Qg5 Qf3 25. Rf1 Ne2#
0-1

[Event "lets play chess"]
[Site "SchemingMind.com"]
[Date "2007.03.26"]
[Round "-"]
[White "Alejandro Ramirez"]
[Black "Dagobert_2"]
[Result "0-1"]
[WhiteCountry "CRC"]
[BlackCountry "USA"]
[WhiteElo "1511"]
[WhiteRD "105"]
[BlackElo "1911"]
[BlackRD "118"]
[GameID "98114"]

1. c4 Nf6 2. d4 g6 3. Nc3 d5 4. cxd5 Nxd5 5. Nxd5 Qxd5 6. Bf4 Nc6 7. e3 Qa5+ 8. Qd2 Qxd2+ 9. Kxd2 Bf5 10. Bxc7 Rc8
11. Bg3 Bg7 12. Nf3 O-O 13. Rc1 a6 14. Bc4 b5 15. Bb3 a5 16. a3 a4
0-1

[Event "lets play chess"]
[Site "SchemingMind.com"]
[Date "2007.03.26"]
[Round "-"]
[White "Dagobert_2"]
[Black "Alejandro Ramirez"]
[Result "1-0"]
[WhiteCountry "USA"]
[BlackCountry "CRC"]
[WhiteElo "1911"]
[WhiteRD "118"]
[BlackElo "1511"]
[BlackRD "105"]
[GameID "98119"]

1. d4 d5 2. c4 e6 3. Nf3 Nf6 4. Nc3 Be7 5. Bf4 c6 6. e3 O-O 7. Qc2 Nh5 8. Bg3 Nd7 9. Bd3 f5 10. O-O-O a5
11. Na4 Nb6 12. Nxb6 Qxb6 13. c5 Qa7 14. Ne5 Nf6 15. Kd2 Nd7 16. Ke2
1-0

[Event "lets play chess"]
[Site "SchemingMind.com"]
[Date "2007.05.29"]
[Round "-"]
[White "Dagobert_2"]
[Black "griffimv"]
[Result "0-1"]
[WhiteCountry "USA"]
[BlackCountry "INT"]
[WhiteElo "1888"]
[WhiteRD "120"]
[BlackElo "2350"]
[BlackRD "80"]
[GameID "107152"]

1. d4 Nf6 2. c4 g6 3. Nc3 d5 4. cxd5 Nxd5 5. e4 Nxc3 6. bxc3 Bg7 7. Nf3 c5 8. Rb1 O-O 9. Be2 b6 10. O-O Bb7
11. Qd3 Ba6 12. Qe3 Qd7 13. dxc5 Bxe2 14. Qxe2 bxc5 15. Qc4 Qc6 16. e5 Nd7 17. Re1 e6 18. Ba3 Rab8 19. Rbd1 Rfd8 20. h3 Qc7
21. Qe2 Qa5 22. Bc1 h6 23. Bf4 Qxc3 24. Qa6 Qb4 25. Bg3 c4 26. Bh4 Nc5 27. Qxa7 Rxd1 28. Rxd1 c3 29. Be7 c2 30. Rc1 Qb1
31. Rxb1 Rxb1+ 32. Kh2 c1=Q 33. Qxc5 Qf4+
0-1

[Event "lets play chess"]
[Site "SchemingMind.com"]
[Date "2007.05.29"]
[Round "-"]
[White "griffimv"]
[Black "Dagobert_2"]
[Result "1-0"]
[WhiteCountry "INT"]
[BlackCountry "USA"]
[WhiteElo "2317"]
[WhiteRD "79"]
[BlackElo "1848"]
[BlackRD "117"]
[GameID "107158"]

1. e4 c5 2. Nf3 d6 3. d4 cxd4 4. Nxd4 Nf6 5. Nc3 a6 6. Be3 Ng4 7. Bg5 h6 8. Bh4 g5 9. Bg3 Bg7 10. h3 Ne5
11. f3 Nbc6 12. Bf2 Ng6 13. Qd2 Qa5 14. O-O-O Be6 15. Kb1 Rc8 16. Nb3 Bxc3 17. Nxa5 Bxd2 18. Nxc6 Rxc6 19. Rxd2 Bc4 20. Bxc4 Rxc4
21. Bd4 O-O 22. b3 Rc6 23. c4 b5 24. cxb5 axb5 25. Rc1 Rxc1+ 26. Kxc1 Nf4 27. Kb2 Ra8 28. Kc3 Ne6 29. Bf2 Kf8 30. Kb4 Rb8
31. Bg3 Nd8 32. Rxd6 exd6 33. Bxd6+ Ke8 34. Bxb8 Nc6+ 35. Kxb5 Nxb8 36. a4 Kd7 37. Kb6 Kc8 38. b4 Nd7+ 39. Ka7 Kc7 40. b5 Nb6
41. a5 Nc8+ 42. Ka8 h5 43. b6+ Nxb6+ 44. axb6+ Kxb6 45. Kb8 Kc6 46. Kc8 Kd6 47. Kd8 Ke5 48. Ke7 f5 49. exf5 Kxf5 50. g4+ hxg4
51. fxg4+ Kg6 52. Ke6
1-0

[Event "lets play chess"]
[Site "SchemingMind.com"]
[Date "2007.06.10"]
[Round "-"]
[White "Sjakkie"]
[Black "carosoko"]
[Result "0-1"]
[WhiteCountry "NED"]
[BlackCountry "BEL"]
[WhiteElo "1541"]
[WhiteRD "80"]
[BlackElo "1648"]
[BlackRD "76"]
[GameID "108293"]

1. e4 e5 2. Nf3 Nc6 3. d3 Bc5 4. Be2 d6 5. O-O Nge7 6. Nc3 O-O 7. Bd2 h6 8. Na4 Bb4 9. c3 Ba5 10. b4 Bb6
11. Nh4 Be6 12. Nxb6 axb6 13. f4 f5 14. Qe1 Bxa2 15. Qg3 Be6 16. Rxa8 Qxa8 17. Ng6 Nxg6 18. Qxg6 Nd8 19. Be3 Rf6 20. Qe8+ Kh7
21. h3 Bf7 22. Qb5 Qa2 23. Bf3 fxe4 24. dxe4 exf4 25. Bd4 Rg6 26. Bg4 Be6 27. Qe2 Qxe2 28. Bxe2 Bxh3 29. Rxf4 Rxg2+ 30. Kf1 Rg4+
31. Ke1 Rxf4 32. Kd2 Nc6 33. Be3 Rxe4 34. Bd3 Bf5 35. Bxe4 Bxe4 36. b5 Ne5
0-1

[Event "lets play chess"]
[Site "SchemingMind.com"]
[Date "2007.06.10"]
[Round "-"]
[White "carosoko"]
[Black "Sjakkie"]
[Result "1-0"]
[WhiteCountry "BEL"]
[BlackCountry "NED"]
[WhiteElo "1699"]
[WhiteRD "80"]
[BlackElo "1493"]
[BlackRD "82"]
[GameID "108300"]

1. e4 e5 2. Nf3 d6 3. Nc3 Nf6 4. Bc4 h6 5. O-O c6 6. Bb3 Be7 7. d3 O-O 8. h3 Na6 9. Be3 Be6 10. Qd2 Qa5
11. Nd5 Qd8 12. Nxe7+ Qxe7 13. Rae1 Bxb3 14. axb3 Nh5 15. Nh2 f5 16. exf5 Rxf5 17. g4 Rf6 18. gxh5 Qf7 19. Ng4 Rf3 20. Kg2 Rf8
21. Rh1 Qxh5 22. Qe2 b6 23. Reg1 Nc5 24. Qxf3 Ne6 25. Nxh6+
1-0

[Event "lets play chess"]
[Site "SchemingMind.com"]
[Date "2007.06.09"]
[Round "-"]
[White "ptcmark"]
[Black "embuchador"]
[Result "1-0"]
[WhiteCountry "USA"]
[BlackCountry "INT"]
[WhiteElo "1666"]
[WhiteRD "112"]
[BlackElo "1670"]
[BlackRD "101"]
[GameID "108504"]

1. e4 c5 2. Nf3 Nc6 3. Bb5 Nf6 4. O-O d6 5. Ng5 Bg4 6. f3 Bd7 7. Bc4 e6 8. d3 Ne5 9. f4 Nxc4 10. dxc4 h6
11. Nxf7 Kxf7 12. e5 Ne8 13. Qh5+ g6 14. Qf3 Bc6 15. Qf2 Ng7 16. b3 Nf5 17. Bb2 Bg7 18. Nd2 Nh4 19. Nf3 Nxf3+ 20. gxf3 Rf8
21. Rad1 b6 22. Rxd6 Bd7 23. Rfd1 Kg8 24. Rxd7 Qb8 25. Qh4 Kh7 26. Qe7 Rg8 27. R1d6 b5 28. Kf1 bxc4 29. Qxe6 Kh8 30. Qxg6 Qf8
31. Rf6
1-0

[Event "lets play chess"]
[Site "SchemingMind.com"]
[Date "2007.06.10"]
[Round "-"]
[White "embuchador"]
[Black "ptcmark"]
[Result "0-1"]
[WhiteCountry "INT"]
[BlackCountry "USA"]
[WhiteElo "1636"]
[WhiteRD "101"]
[BlackElo "1721"]
[BlackRD "108"]
[GameID "108510"]

1. e4 Nf6 2. e5 Nd5 3. d4 d6 4. c4 Nb6 5. Nf3 g6 6. Nc3 Bg7 7. Bg5 O-O 8. d5 Bg4 9. exd6 Bxf3 10. Qxf3 Qxd6
11. Be2 Qb4 12. O-O Qxb2 13. Nb5 Nxc4 14. Nxc7 Nd2 15. Bxd2 Qxd2 16. Rad1 Qxa2 17. Nxa8 Na6 18. Bxa6 Qxa6 19. Nc7 Qf6 20. Qa3 Qc3
21. Qxe7 Bd4 22. Nb5 Qc5 23. Qxb7 Qb6 24. Qxb6 Bxb6 25. Ra1 Rd8 26. d6 Kg7 27. Rfd1 Rd7 28. Nxa7 Bc5 29. Nb5 Kf6 30. Rac1 Bxd6
31. Rxd6+ Rxd6 32. Nxd6 Ke6
0-1

[Event "lets play chess"]
[Site "SchemingMind.com"]
[Date "2007.06.16"]
[Round "-"]
[White "Argeon"]
[Black "rodk"]
[Result "1-0"]
[WhiteCountry "BEL"]
[BlackCountry "USA"]
[WhiteElo "1936"]
[WhiteRD "75"]
[BlackElo "1654"]
[BlackRD "94"]
[GameID "108796"]

1. d4 Nf6 2. c4 e6 3. Nf3 d5 4. Bg5 Bb4+ 5. Nc3 b6 6. Qa4+ Qd7 7. Qxb4 Ne4 8. cxd5 Nxg5 9. Nxg5 exd5 10. e3 Nc6
11. Qa4 O-O 12. Bb5 Bb7 13. Qc2 g6 14. O-O Qg4 15. Nxd5 Nb4 16. Nf6+
1-0

[Event "lets play chess"]
[Site "SchemingMind.com"]
[Date "2007.06.16"]
[Round "-"]
[White "rodk"]
[Black "Argeon"]
[Result "0-1"]
[WhiteCountry "USA"]
[BlackCountry "BEL"]
[WhiteElo "1654"]
[WhiteRD "94"]
[BlackElo "1936"]
[BlackRD "75"]
[GameID "108800"]

1. d4 e6 2. c4 f5 3. g3 Nf6 4. Bg2 c6 5. Nf3 Be7 6. O-O d5 7. c5 b6 8. b4 a5 9. Qd2 Ne4 10. Qb2 axb4
11. Qxb4 bxc5 12. dxc5 Nd7 13. Bb2 Rb8 14. Qa4 Rxb2 15. Qxc6 Nxc5 16. Nc3 Bb7
0-1

[Event "lets play chess"]
[Site "SchemingMind.com"]
[Date "2007.06.27"]
[Round "-"]
[White "dadshane2000"]
[Black "Lee Shuck"]
[Result "1-0"]
[WhiteCountry "USA"]
[BlackCountry "ENG"]
[WhiteElo "1874"]
[WhiteRD "71"]
[BlackElo "1447"]
[BlackRD "67"]
[GameID "110442"]

1. e4 e5 2. Nf3 Nc6 3. Bc4 Bc5 4. c3 Nf6 5. d3 d6 6. Nbd2 a6 7. O-O O-O 8. Bb3 h6 9. Re1 Ng4 10. Re2 Bxf2+
11. Rxf2 Nxf2 12. Kxf2 Qf6 13. h3 Be6 14. Nf1 Bxb3 15. Qxb3 Na5 16. Qc2 c5 17. Ne3 g5 18. Nd5 Qe6 19. Nc7 Qd7 20. Nxa8 Rxa8
21. Nh2 d5 22. Qe2 d4 23. c4 f5 24. Bd2 Nc6 25. Qh5 Kg7 26. h4 fxe4 27. dxe4 Rf8+ 28. Kg1 d3 29. Ng4 Rh8 30. hxg5 Qd4+
31. Be3 Qxe4 32. gxh6+
1-0